State Capital Population Speed Challenge Quiz Stats

 Plays Quiz not verified by Sporcle

Score 0/50 Timer 02:00
0 Plays Today
State Y/N % Correct
Alabama???
100%
Arizona???
100%
Arkansas???
100%
California???
100%
Colorado???
100%
Delaware???
100%
Florida???
100%
Georgia???
100%
Hawaii???
100%
Idaho???
100%
Indiana???
100%
Iowa???
100%
Kentucky???
100%
Louisiana???
100%
Maine???
100%
Maryland???
100%
Massachusetts???
100%
Michigan???
100%
Minnesota???
100%
Missouri???
100%
Montana???
100%
New Jersey???
100%
New Mexico???
100%
New York???
100%
North Carolina???
100%
State Y/N % Correct
Oklahoma???
100%
Oregon???
100%
Pennsylvania???
100%
Rhode Island???
100%
South Dakota???
100%
Texas???
100%
Utah???
100%
Washington???
100%
Wisconsin???
100%
Nevada???
100%
Alaska???
96.4%
Connecticut???
96.4%
Illinois???
96.4%
Mississippi???
96.4%
Nebraska???
96.4%
New Hampshire???
96.4%
Ohio???
96.4%
Vermont???
96.4%
Virginia???
96.4%
Kansas???
92.9%
North Dakota???
92.9%
Tennessee???
82.1%
Wyoming???
78.6%
West Virginia???
75%
South Carolina???
57.1%

You're not logged in!

Compare scores with friends on all Sporcle quizzes.
Join for Free
OR
Log In

You Might Also Like...

Show Comments

Extras

Top Quizzes Today


Score Distribution

Your Account Isn't Verified!

In order to create a playlist on Sporcle, you need to verify the email address you used during registration. Go to your Sporcle Settings to finish the process.

Report this User

Report this user for behavior that violates our Community Guidelines.

Details: